| 000 -LEADER |
| fixed length control field |
01019cam a2200265 a 4500 |
| 001 - CONTROL NUMBER |
| control field |
11995483 |
| 005 - DATE AND TIME OF LATEST TRANSACTION |
| control field |
20201124101004.0 |
| 008 - FIXED-LENGTH DATA ELEMENTS--GENERAL INFORMATION |
| fixed length control field |
000503s1999 mnu b 001 0 eng |
| 020 ## - INTERNATIONAL STANDARD BOOK NUMBER |
| International Standard Book Number |
9780314231680 |
| 041 ## - LANGUAGE CODE |
| Language code of text/sound track or separate title |
eng |
| 080 ## - UNIVERSAL DECIMAL CLASSIFICATION NUMBER |
| Universal Decimal Classification number |
342.515+366.5 M-29 |
| 100 1# - MAIN ENTRY--PERSONAL NAME |
| Personal name |
Marsh, Gene A. |
| 9 (RLIN) |
9747 |
| 245 10 - TITLE STATEMENT |
| Title |
Consumer protection law in a nutshell / |
| Statement of responsibility, etc. |
by Gene A. Marsh. |
| 250 ## - EDITION STATEMENT |
| Edition statement |
3rd ed. |
| 264 ## - PRODUCTION, PUBLICATION, DISTRIBUTION, MANUFACTURE, AND COPYRIGHT NOTICE |
| Place of production, publication, distribution, manufacture |
St. Paul, Minn. : |
| Name of producer, publisher, distributor, manufacturer |
West Group, |
| Date of production, publication, distribution, manufacture, or copyright notice |
1999. |
| 300 ## - PHYSICAL DESCRIPTION |
| Extent |
445 p. ; |
| Dimensions |
19 cm. |
| 490 1# - SERIES STATEMENT |
| Series statement |
West nutshell series |
| 650 #0 - SUBJECT ADDED ENTRY--TOPICAL TERM |
| Topical term or geographic name entry element |
Consumer protection |
| General subdivision |
Law and legislation |
| Geographic subdivision |
United States. |
| 9 (RLIN) |
9714 |
| 653 ## - INDEX TERM--UNCONTROLLED |
| keyword |
სამართალი |
| 653 ## - INDEX TERM--UNCONTROLLED |
| keyword |
მომხმარებლების უფლებების დაცვა |
| 653 ## - INDEX TERM--UNCONTROLLED |
| keyword |
კანონი და კანონმდებლობა |
| 830 #0 - SERIES ADDED ENTRY--UNIFORM TITLE |
| Uniform title |
Nutshell series. |
| 9 (RLIN) |
9748 |
| 942 ## - ADDED ENTRY ELEMENTS (KOHA) |
| Source of classification or shelving scheme |
|
| Koha item type |
წიგნი |